| 000 | 01218cam a22003617a 4500 | ||
|---|---|---|---|
| 003 | CHAP | ||
| 005 | 20220817044052.0 | ||
| 008 | 051129d2005 mx r 00110 spa d | ||
| 010 | _a91463 | ||
| 011 | _a92435 | ||
| 035 | _a102999 | ||
| 040 | _cCHAP | ||
| 090 | _aTesis | ||
| 100 | 0 | 0 |
_aLonngi Molina, Héctor Hugo. _967607 |
| 245 | 1 | 0 |
_aMetodología del programa kilo por kilo 2000 en el estado de Morelos _c/por Héctor Hugo Lonngi Molina |
| 260 |
_aCocula, Gro. : _bEl autor, _c2005. |
||
| 300 | _a92 h. | ||
| 502 | _aTesis (Ing. Agr. Zootecnista) - - Colegio Superior Agropecuario del Estado de Guerrero | ||
| 590 |
_aALEPH _b10 _c20130110 _lUCH01 _h1508 |
||
| 590 |
_aBATCH-UPD _b10 _c20130110 _lUCH01 _h0806 |
||
| 590 |
_aBATCH-UPD _b10 _c20130410 _lUCH01 _h0444 |
||
| 590 |
_aBATCH-UPD _b10 _c20130914 _lUCH01 _h0033 |
||
| 590 |
_aCONVERSION _b10 _c20130109 _lUCH01 _h1351 |
||
| 650 | 1 | 4 |
_aAgricultura _xMorelos. _91747 |
| 650 | 1 | 4 |
_aCultivos _zMorelos. _930365 |
| 650 | 1 | 4 |
_aSemillas _xCalidad. _9103881 |
| 650 | 1 | 4 |
_aSemillas _xMejoramiento. |
| 650 | 1 | 4 |
_aSemillas _xSelección. _9103931 |
| 901 | _aBK | ||
| 905 | _aLilia | ||
| 942 | _cTESIS | ||
| 949 |
_aTesis _bBC _cTES _d33724000970174 _eTS1 _h44413 _i102999 _sb |
||
| 999 |
_c91463 _d91463 |
||